000 00724nmm a2200253 a 4500
003 AR-BaBNM
005 20251128211026.0
008 162020s1988 ||||||||||||||000 | spa||
020 _a950-15-0816-1
040 _cAR-BaBNM
100 1 _aGoodman, Michael Harris
245 1 0 _aEl Ășltimo Dalai Lama
260 _aBuenos Aires
_bJavier Vergara
_c1988
300 0 _a390 p.
_bmapas, fot.
500 0 _aContiene: cronologĂ­a de los Dalai Lamas en p.385 ; el calendario tibetano en p. 386 y glosario en p.389
600 0 4 _aDalai Lama
650 4 _aBIOGRAFIAS
650 4 _aBUDISMO
650 4 _aRELIGIONES ORIENTALES
655 _aBIOGRAFIAS
700 _aZilli, Edith
_etraductor
942 _cBK
998 _calicia
999 _c17944
_d17944